Library of the University of Algiers 3
Ibrahim Sultan Cheibout
شعار جامعة الجزائر 3
مكتبة جامعة الجزائر 3
إبراهيم سلطان شيبوط

مجلس المحاسبة الجزائري : (رقم التسجيلة. 46290)

تفاصيل مارك
000 -LEADER
fixed length control field 01304nam a2200241Ia 4500
003 - CONTROL NUMBER IDENTIFIER
control field Ost
005 - DATE AND TIME OF LATEST TRANSACTION
control field 20260507075802.0
008 - FIXED-LENGTH DATA ELEMENTS--GENERAL INFORMATION
fixed length control field 260507s9999||||xx |||||||||||||| ||und||
020 ## - INTERNATIONAL STANDARD BOOK NUMBER
International Standard Book Number 9789777538145
040 ## - CATALOGING SOURCE
Transcribing agency fsecg
041 ## - LANGUAGE CODE
Language code of text/sound track or separate title ara
082 ## - DEWEY DECIMAL CLASSIFICATION NUMBER
Classification number 657
100 ## - MAIN ENTRY--PERSONAL NAME
Personal name شوقي، يعيش تمام
Relator term مؤلف
245 #0 - TITLE STATEMENT
Title مجلس المحاسبة الجزائري :
Remainder of title التنظيم والاختصاصات /
Statement of responsibility, etc. يعيش تمام شوقي
260 ## - PUBLICATION, DISTRIBUTION, ETC.
Place of publication, distribution, etc. الاسكندرية :
Name of publisher, distributor, etc. مكتبة الوفاء القانونية,
Date of publication, distribution, etc. 2021
300 ## - PHYSICAL DESCRIPTION
Extent 152 صفحة؛
Other physical details إيضاحات ؛
Dimensions 24 سم
504 ## - BIBLIOGRAPHY, ETC. NOTE
Bibliography, etc. note بيبليوغرافيا: ص ص139-147
520 ## - SUMMARY, ETC.
Summary, etc. يضم الإطار العضوي لمجلس المحاسبة منها الأحكام الناظمة للتشكيلة القضائية لمجلس المحاسبة والأحكام الناظمة للتركيبة الهيكلة لمجلس المحاسبة، الإطار الوظيفي لمجلس المحاسبةبما فيه حدود الصلاحيات الممنوحة لمجلس المحاسبة وآليات عمل مجلس المحاسبة والآثار المترتبة عليها.
653 ## - INDEX TERM--UNCONTROLLED
Uncontrolled term المجالس الاقتصادية
653 ## - INDEX TERM--UNCONTROLLED
Uncontrolled term المحاسبة
653 ## - INDEX TERM--UNCONTROLLED
Uncontrolled term المحاسبة الادارية
942 ## - ADDED ENTRY ELEMENTS (KOHA)
Koha item type كتب
المقتنيات
Withdrawn status Lost status Source of classification or shelving scheme Damaged status Not for loan Home library Current library Date acquired Serial enumeration / chronology Inventory number Total checkouts Full call number Barcode Date last seen Price effective from Koha item type
    Library of Congress Classification   NOT LOAN / إعارة داخلية مكتبة كلية العلوم الإقتصادية والعلوم التجارية وعلوم التسيير مكتبة كلية العلوم الإقتصادية والعلوم التجارية وعلوم التسيير 07/05/2026 الطابق الأرضي 025.21/547   493/025.21ن01 025.21/547 07/05/2026 07/05/2026 كتب

موارد الويب المفتوحة


© University of Algiers 3 All Rights Reserved
|
Implemented by LECHELAH Riad